| 000 | 02094cam a22005054i 4500 | ||
|---|---|---|---|
| 003 | PE-LiUPU | ||
| 005 | 20250731165559.0 | ||
| 008 | 150625s2004 ck a r 000 0 spa d | ||
| 020 | _a9584102036 | ||
| 035 | _a(Sirsi) i9789584102034 | ||
| 040 |
_aPE-LiUPU _bspa _cPE-LiUPU _erda |
||
| 049 | _aPRUA | ||
| 082 | 0 | 4 |
_a001.42 _bM42 _221 |
| 100 | 1 |
_aMéndez Álvarez, Carlos Eduardo, _eautor. |
|
| 245 | 1 | 0 |
_aMetodología : _bdiseño y desarrollo del proceso de investigación / _cCarlos Eduardo Méndez Álvarez. |
| 250 | _a3a | ||
| 264 | 1 |
_aBogotá : _bMcGraw Hill Interamerica, _c2004. |
|
| 300 |
_a246 p. : _bilustraciones, tablas, gráficos ; _c24 centímetros |
||
| 300 | _aCD | ||
| 336 |
_atext _2rdacontent |
||
| 337 |
_aunmediated _2rdamedia |
||
| 338 |
_avolume _2rdacarrier |
||
| 505 | 0 | _aFundamentos: Algunos conceptos sobre el conocimiento científico. -Punto de partida para formular un proyecto de investigación. -Proceso de investigación: Diseño. -Elementos del objeto de conocimiento. -Elementos de apoyo metodológico para realizar la investigación. -Elementos administrativos para la ejecución de la investigación. -Proceso de investigación: Desarrollo. -Recolección y ordenamiento de la información. -. | |
| 526 | _aSEG44 | ||
| 526 | _aSEG26 | ||
| 526 | _aP151 | ||
| 526 | _aP150 | ||
| 526 | _aP149 | ||
| 526 | _aP146 | ||
| 526 | _aP145 | ||
| 526 | _aP126 | ||
| 526 | _aP125 | ||
| 526 | _aP92 | ||
| 526 | _aP75 | ||
| 526 | _aP74 | ||
| 526 | _aP27 | ||
| 526 | _aP15 | ||
| 541 | _g0003233; | ||
| 650 | 0 | 4 |
_aInvestigación _xMetodología. |
| 942 |
_2ddc _cBOOK |
||
| 949 |
_a001.42 M42 _wDEWEY _c1 _i56329 _d2016-9-30 _e2016-9-28 _lCCODEBUL1 _mBUL _n3 _r0 _sY _tBOOK _u2015-6-25 _xSALUD _PP33 _0COMPRA _o.STAFF. Colección General |
||
| 994 |
_aC0 _bPEPRU |
||
| 596 | _a1 | ||
| 999 |
_a001.42 M42 _wDEWEY _c45582 _i56329 _d45582 _e2016-9-28 _f2021-11-4 _g5 _lCCODEBUL1 _mBUL _n3 _p20.00 _r0 _sY _tBOOK _u2015-6-25 _xBIBLIOTECA _PP33 _0COMPRA _o.STAFF. Colección Ciencias de la Salud |
||
| 980 |
_81 _gALBERTO SANCHEZ Responsable de Automatización |
||